Designing digital games / (Record no. 591488)
[ view plain ]
| 000 -LEADER | |
|---|---|
| fixed length control field | 00988nam a22002895i 4500 |
| 001 - CONTROL NUMBER | |
| control field | 18945081 |
| 003 - CONTROL NUMBER IDENTIFIER | |
| control field | NUST |
| 005 - DATE AND TIME OF LATEST TRANSACTION | |
| control field | 20221214083324.0 |
| 008 - FIXED-LENGTH DATA ELEMENTS--GENERAL INFORMATION | |
| fixed length control field | 160121s2016 inu 000 0 eng |
| 010 ## - LIBRARY OF CONGRESS CONTROL NUMBER | |
| LC control number | 2016931380 |
| 020 ## - INTERNATIONAL STANDARD BOOK NUMBER | |
| International Standard Book Number | 9781119177210 (pbk) |
| 020 ## - INTERNATIONAL STANDARD BOOK NUMBER | |
| International Standard Book Number | 1119177219 |
| 040 ## - CATALOGING SOURCE | |
| Original cataloging agency | DLC |
| Language of cataloging | eng |
| Description conventions | rda |
| Transcribing agency | DLC |
| 082 ## - DEWEY DECIMAL CLASSIFICATION NUMBER | |
| Classification number | 794.8151023,BRE |
| 100 1# - MAIN ENTRY--PERSONAL NAME | |
| Personal name | Breen, Derek. |
| 9 (RLIN) | 99105 |
| 245 10 - TITLE STATEMENT | |
| Title | Designing digital games / |
| Statement of responsibility, etc. | Derek Breen. |
| 250 ## - EDITION STATEMENT | |
| Edition statement | 1st edition. |
| 263 ## - PROJECTED PUBLICATION DATE | |
| Projected publication date | 1603 |
| 264 #1 - PRODUCTION, PUBLICATION, DISTRIBUTION, MANUFACTURE, AND COPYRIGHT NOTICE | |
| Place of production, publication, distribution, manufacture | Indianapolis, IN : |
| Name of producer, publisher, distributor, manufacturer | John Wiley and Sons., |
| Date of production, publication, distribution, manufacture, or copyright notice | 2016. |
| 300 ## - PHYSICAL DESCRIPTION | |
| Extent | pages cm |
| 336 ## - CONTENT TYPE | |
| Content type term | text |
| Content type code | txt |
| Source | rdacontent |
| 337 ## - MEDIA TYPE | |
| Media type term | unmediated |
| Media type code | n |
| Source | rdamedia |
| 338 ## - CARRIER TYPE | |
| Carrier type term | volume |
| Carrier type code | nc |
| Source | rdacarrier |
| 505 ## - FORMATTED CONTENTS NOTE | |
| Formatted contents note | Introduction all about scratch (Page-2), Project 1. Design a classic videogame (Page-7), Project 2. Super snake (Page-28), Project 3. A-maze-ing game (Page-51), Project 4. Attacking the clones (Page-79), |
| 906 ## - LOCAL DATA ELEMENT F, LDF (RLIN) | |
| a | 0 |
| b | ibc |
| c | orignew |
| d | 2 |
| e | epcn |
| f | 20 |
| g | y-gencatlg |
| 942 ## - ADDED ENTRY ELEMENTS (KOHA) | |
| Source of classification or shelving scheme | |
| Koha item type | Book |
| Withdrawn status | Lost status | Source of classification or shelving scheme | Damaged status | Not for loan | Permanent Location | Current Location | Shelving location | Date acquired | Total Checkouts | Full call number | Barcode | Date last seen | Date last checked out | Price effective from | Koha item type | Public note |
|---|---|---|---|---|---|---|---|---|---|---|---|---|---|---|---|---|
| Military College of Signals (MCS) | Military College of Signals (MCS) | General Stacks | 10/05/2022 | 3 | 794.8151023,BRE | MCS38117 | 12/14/2022 | 11/15/2022 | 10/05/2022 | Book | Almirah Fresh No.45, Shelf No.6 |
